Marketing de servicios un enfoque de integración del cliente a la empresa

Bibliographic Details
Main Authors: Zeithaml, Valraie A, Bitner, Mary Jo.
Format: Section = Libro
Language:Undetermined
Spanish
Published: México McGraw-Hill 2002
Subjects:
LEADER 00690nam a2200229Ia 4500
008 240830s9999 xx 000 0 und d
020 |a 970-10-3325-6 
040 |a B-ESTELÍ- RUACS / 658.8 Z48 
041 |a spa 
082 |a 658.8 Z48 
100 1 |a Zeithaml, Valraie A 
100 1 |b  Bitner, Mary Jo. 
245 1 0 |a Marketing de servicios un enfoque de integración del cliente a la empresa 
260 |a México  |b McGraw-Hill  |c 2002 
300 |a 747 p. :il 
650 7 |a ADMINISTRACION DE LA DISTRIBUCION (MERCADEO) 
650 7 |b  RELACIONES CON CLIENTES 
650 7 |c  MERCADEO - SERVICIO - CLIENTE 
650 7 |d  CALIDAD DEL SERVICIO 
942 |c BK  |2 ddc 
991 |a TEXTO 
999 |c 11506